| 000 | 01189cam a2200325 a 4500 | ||
|---|---|---|---|
| 003 | CHAP | ||
| 005 | 20220329142437.0 | ||
| 008 | 010220b1991 us r 00010 eng d | ||
| 010 | _a83565 | ||
| 011 | _a84537 | ||
| 035 | _a95058 | ||
| 040 | _cCHAP | ||
| 090 | _aR-3709 | ||
| 100 | 0 | 0 |
_aAdams, Paul W. _9862 |
| 245 | 1 | 0 |
_aPlanning timber harvesting operations to reduce soil and water problems in humid tropic steeplands _c/by Paul W. Adams and Charles W. Andreus. |
| 500 | _aSobretiro de: Proceedings of a Symposium on forest harvesting in Southeast Asia, 17-20 Jun.: 24-71, 1991. | ||
| 590 |
_aBATCH-UPD _b10 _c20130110 _lUCH01 _h0533 |
||
| 590 |
_aBATCH-UPD _b10 _c20130110 _lUCH01 _h2250 |
||
| 590 |
_aBATCH-UPD _b10 _c20130410 _lUCH01 _h0214 |
||
| 590 |
_aBATCH-UPD _b10 _c20130914 _lUCH01 _h0330 |
||
| 590 |
_aCONVERSION _b10 _c20130109 _lUCH01 _h1346 |
||
| 650 | 1 | 4 |
_aSuelos y clima. _9110569 |
| 650 | 1 | 4 |
_aTrĂ³picos _xClima. _9115282 |
| 700 | 0 |
_aAndrus, Charles W. _95730 |
|
| 711 | 2 |
_aSymposium on Forest Harvesting in Southeast Asia _d(1991 : _cSigapore) _9111001 |
|
| 901 | _aBK | ||
| 905 | _aEdna Luz | ||
| 942 | _cREIMP | ||
| 949 |
_aR-3709 _bBC _cR _d33724002017413 _eTS1 _i95058 _sb |
||
| 999 |
_c83565 _d83565 |
||